Hoạt động nghiệp vụ trong văn hóa

Spremljeno u:
Bibliografski detalji
Glavni autor: Nguyễn Duy Lợi
Daljnji autori: Phạm Phúc Minh, Ngọc Minh Châu
Format: Knjiga
Izdano: H. Văn hóa 1985
Teme:
Oznake: Dodaj oznaku
Bez oznaka, Budi prvi tko označuje ovaj zapis!
Thư viện lưu trữ: Trung tâm Học liệu Lê Vũ Hùng, Trường Đại học Đồng Tháp
LEADER 00816pam a22002298a 4500
001 00000448
005 20171026081022.0
008 110321s1985 ||||||Viesd
041 0 # |a Vie 
082 1 4 |a 306.4  |b H411Đ 
100 0 # |a Nguyễn Duy Lợi 
245 0 0 |a Hoạt động nghiệp vụ trong văn hóa  |c Nguyễn Duy Lợi; Phạm Phúc Minh; Ngọc Minh Châu...(những người khác) 
260 # # |a H.  |b Văn hóa  |c 1985 
300 # # |a 172 tr.  |c 19 cm. 
500 # # |a Cục văn hóa quần chúng 
653 # # |a Nghiệp vụ  |a văn hóa 
700 0 # |a  Phạm Phúc Minh 
700 0 # |a Ngọc Minh Châu 
852 # # |b Kho đọc  |j KD.0000331 
852 # # |j KD.0000331 
910 |d 21/03/2011 
980 # # |a Trung tâm Học liệu Lê Vũ Hùng, Trường Đại học Đồng Tháp